| 000 | 01206nam a2200289 i 4500 | ||
|---|---|---|---|
| 001 | 78391 | ||
| 003 | ES-MaACL | ||
| 005 | 20250812024128.0 | ||
| 007 | t| | ||
| 008 | 041014s1969 sp ||||1| spa d | ||
| 100 | 1 |
_aHauser, Arnold. _962109 |
|
| 245 | 1 | 0 |
_aHistoria social de la literatura y el arte / _cArnold Hauser ; [lo tradujeron al español A. Tovar y F.P. Varas-Reyes]. |
| 250 | _a3ª ed. popular. | ||
| 260 |
_aMadrid : _bGuadarrama, _c1969. |
||
| 300 |
_a3 v. : _b48 lám. ; _c18 cm. |
||
| 490 | 1 |
_aPunto omega ; _v19-21 |
|
| 505 | 8 | _aContiene: I. Prehistoria. Antiguas culturas orientales. Grecia y Roma. Edad Media. Renacimiento (452 p.) - II. Manierismo. Barroco. Rococó. Clasicismo. Romanticismo (420 p.) - III. Naturalismo e impresionismo. Bajo el signo del cine (316 p.) | |
| 650 | 4 |
_aArte- _vHistoria _910107 |
|
| 650 | 4 |
_aArte y sociedad- _vHistoria. _9144275 |
|
| 650 |
_aLiteratura- _xHistoria y crítica. _914489 |
||
| 650 | 7 |
_aLiteratura y sociedad _2embne _914679 |
|
| 700 | 1 |
_aTovar, Antonio, _d1911-1985 _9111167 |
|
| 700 | 1 |
_aVaras-Reyes, F. P. _9113119 |
|
| 830 | 1 |
_aPunto omega ; _v19-21 _9180707 |
|
| 852 |
_aES-MaACL _jC-40605-07 |
||
| 999 |
_c78391 _d78391 |
||